000 00845nam a2200253 u 4500
001 000016850
005 20200929164954.0
008 100310s1950 dr r 000 0 spa d
040 _aDO-SdBNP
_bspa
_cBNPHU
082 _a868.2
_bS194ó
100 1 _aSan Pedro, Diego de,
_d¿1437-1498?
_918628
245 1 0 _aObras /
_cDiego de San pedro ; edición, prólogo y notas de Samuel Gili y Gaya.
260 _aMadrid :
_bEspasa-Calpe,
_c1950.
300 _a249 p. ;
_c18 cm.
490 1 _aClásicos castellanos
_v133
500 _aIncluye notas al pie de las páginas.
650 4 _aLiteratura española
_xColecciones de escritos
_98735
650 4 _aPoesía española
_9631
650 4 _aCuentos españoles
_93194
700 1 _aGili y Gaya, Samuel,
_ced.
_937310
830 0 _aClásicos castellanos ;
_v133
_94180
910 _aWM
049 _aBNGR
999 _c16382
_d16382